Antología de poetas y prosistas españoles; tomo i /

Guardado en:
Autor Principal: Beltran, Oscar R.
Formato: Libro
Publicado: Buenos Aires : Anaconda, 1937
Materias:
Etiquetas: Agregar Etiqueta
Sin Etiquetas, Sea el primero en etiquetar este registro!
LEADER 00583nam a22001815a 4500
001 CEM.cems000942
005 20060213000000.0
008 130507s1937##################000#0#####d
003 CEMS
082 0 4 |a 868 
100 1 |a Beltran, Oscar R. 
245 1 0 |a Antología de poetas y prosistas españoles; tomo i / 
260 |a Buenos Aires :  |b Anaconda,  |c 1937 
300 |a 441 p. 
505 0 |a La Edad Media espa¤ola.- El Renacimiento.- Algunos escritores de la Edad de Oro.- 
653 |a Antologia espaÑola 
653 |a Literatura 
859 |a CEMS  |b BIB. CEMS - 11 de abril  |h 868  |i B418/I  |p 9094.81  |t Ej.1